Reconnaîtras-tu les personnages de À Contresens ? - Statistiques

Statistiques générales
  • Ce quiz a été pris 922 fois
  • Le résultat moyen est 7 sur 12
Statistiques - réponses
Par images Réponse % Correct
Noah Morgan
99%
Nicholas Leister
95%
Jenna Klein
77%
Lion
74%
Ronnie
71%
Raffaella
63%
Anna
56%
Maggie
56%
Mario
43%
Betty
40%
William Leister
39%
Jonás
35%
Aucun quiz correspondant
Distribution des résultats
% des personnes avec chaque résultat
Percentile par nombre de réponses
Votre historique - résultats
Vous n’avez pas pris ce quiz